Looking at ourselves (Registro nro. 309662)

Detalles MARC
000 -ENCABEZADO
Número de control [NR] 00878 a2200253 4500
005 - FECHA Y HORA DE LA ÚLTIMA TRANSACCIÓN
control field 20180502105001.0
008 - DE LONGITUD FIJA DE DATOS DE ELEMENTOS - INFORMACIÓN GENERAL
Elementos de longitud fija [NR] 180502s2015 xxc||||| |||| 00| 0 eng d
020 ## - NUMERO INTERNACIONAL NORMALIZADO PARA LIBROS [R]
Número Internacional Normalizado del libro [NR] 9781897452769
040 ## - FUENTE DE CATALOGACION [NR]
Agencia de catalogación original [NR] CO-BoUCM
Idioma de catalogación [NR] spa
Quien Cataloga Saul Niño
Quien Clasifica Saul Niño
041 0# - CODIGO DE IDIOMA [R]
Código de idioma para texto/pista de sonido o título separado [R] Inglés
060 ## - SIGNATURA TOPOGRAFICA DE LA BIBLIOTECA NACIONAL DE MEDICINA (NLM) [R]
Número clasificador [R] WB 541
100 10 - ASIENTO PRINCIPAL--NOMBRE PERSONAL [NR]
Nombre personal [NR] David Gorman
ID Autoridad 92332
245 10 - MENCION DE TITULO [NR]
Título [NR] Looking at ourselves
Parte restante del título [NR] exploring and evolving in the Alexander technique
Mención de responsabilidad, etc. [NR] Escrito e ilustrado por David Gorman
250 ## - MENCION DE EDICION [NR]
Mención de edición [NR] Segunda edición
260 ## - PUBLICACION, DISTRIBUCION, ETC. (PIE DE IMPRENTA) [R]
Lugar de publicación, distribución, etc. [R] Toronto
Nombre del editor, distribuidor, etc. [R] Learning Methods Publications
Fecha de publicación, distribución, etc. [R] 2015
300 ## - DESCRIPCION FISICA [R]
Extensión [R] iii, 163 páginas
Otros detalles físicos [NR] ilustraciones
650 #7 - ASIENTO SECUNDARIO DE MATERIA - TERMINO TEMATICO [R]
9 (RLIN) 25382
Término temático o nombre geográfico como elemento de entrada [NR] Terapia ocupacional
650 #7 - ASIENTO SECUNDARIO DE MATERIA - TERMINO TEMATICO [R]
9 (RLIN) 361
Término temático o nombre geográfico como elemento de entrada [NR] Rehabilitación
650 #7 - ASIENTO SECUNDARIO DE MATERIA - TERMINO TEMATICO [R]
Término temático o nombre geográfico como elemento de entrada [NR] Movimiento
Subdivisión general [R] Fisiología
9 (RLIN) 40991
650 #7 - ASIENTO SECUNDARIO DE MATERIA - TERMINO TEMATICO [R]
9 (RLIN) 15131
Término temático o nombre geográfico como elemento de entrada [NR] Estrés (Fisiología)
650 #7 - ASIENTO SECUNDARIO DE MATERIA - TERMINO TEMATICO [R]
9 (RLIN) 19302
Término temático o nombre geográfico como elemento de entrada [NR] Mente y cuerpo
653 26 - TERMINO DE INDIZACION - NO CONTROLADO [R]
Término de indización no controlado [R] Técnica Alexander
942 ## - ELEMENTOS DE ENTRADA AGREGADOS (KOHA)
Tipo de ítem principal el descrito en 300a Libro
Sistema de clasificación NLM
Tema principal Medicina
Edición 1
Clasificación WB 541
Parte restante de la signatura top. G671l
Existencias
Fecha de último préstamo Total préstamos Signatura topográfica Código de barras Última vez visto Volúmen / Fascículo Ejemplar Costo de reposición Price effective from Tipo de ítem Perdido Sistema de clasificación Dañado No prestable Tipo de ítem específico Suprimido Ubicación habitual Ubicación actual Localización Fecha de creación Proveedor Forma de adquisición Costo
07/02/2023 1 WB 541 G671l 100157080 02/02/2026 2a.Ed. Ej.1 59362.00 30/04/2018 Libro   NLM     Libro   Quinta de Mutis Quinta de Mutis 2do piso 30/04/2018 15 Compra 59362.00